[Event "New Delhi"]
[Site "New Delhi"]
[Date "1984.??.??"]
[Round "?"]
[White "Gufeld, Eduard"]
[Black "Prasad, Devaki V"]
[Result "1/2-1/2"]
[WhiteElo "2480"]
[BlackElo "2340"]
[Annotator "Chekhov,V"]
[PlyCount "82"]
[EventDate "1984.??.??"]
[EventType "tourn"]
[EventRounds "11"]
[EventCountry "IND"]
[EventCategory "7"]
[SourceTitle "MCL"]
[Source "ChessBase"]
[SourceDate "1999.07.01"]
[SourceVersion "1"]
[SourceVersionDate "1999.07.01"]
[SourceQuality "1"]

1. e4 e5 2. Nf3 Nc6 3. Bb5 a6 4. Ba4 Nf6 5. O-O Nxe4 6. d4 b5 7. Bb3 d5 8. dxe5
Be6 9. c3 Be7 (9... Bc5 $5) 10. Nbd2 O-O 11. Bc2 f5 12. Nd4 (12. Nb3 Qd7 13.
Re1 $5 Rad8 14. Qe2 Rfe8 15. Nfd4 Nxd4 16. Nxd4 c5 17. Nxe6 Qxe6 18. f3 Ng5 19.
a4 $16 {Nunn,I-Wedberg,T/Novi Sad/1990/}) 12... Nxd4 13. cxd4 Nxd2 (13... c5
14. dxc5 Bxc5 15. Nb3 {/\Nd4+/-/}) 14. Bxd2 c5 15. dxc5 Bxc5 16. Rc1 $1 (16.
Bb3 $5 Qb6 17. Qf3 {Short,N-Prasad,D/Subotica izt/1987/1/2-1/2/85/} Kh8 $5)
16... Qb6 17. b4 (17. Qf3 $5) 17... Bd4 18. Bb3 (18. Qe2 $5 Rac8 19. Bb3) 18...
Rac8 (18... Bxe5 $5 19. Re1 Bd4 (19... Qd6 $1 20. Bf4 $5 (20. Bc3 Bxh2+ 21. Kh1
Bf7 22. g3 Bxg3 23. fxg3 Qxg3 $13) (20. Be3 Bxh2+ 21. Kh1 Bf7 $1 22. g3 (22.
Bc5 Qh6) 22... Bxg3 23. fxg3 Qxg3 $13) 20... Bxf4 21. Rxe6 Qxb4 $1 22. Bxd5 Kh8
23. Bxa8 Bxc1 24. Rxa6 Bb2 $10) 20. Rxe6 Qxe6 21. Be3 Bxe3 22. Bxd5 $18) 19.
Qf3 Kh8 $1 20. Bf4 (20. Bxd5 Rxc1 21. Rxc1 Bxe5 22. Re1 Bxd5 23. Qxd5 Bd4 24.
Be3 (24. Qxf5 $2 Bxf2+ 25. Kh1 Qd8) 24... Bxe3 25. Rxe3 Qf6 26. h3 $14) 20...
Qb7 21. g3 (21. h4 $5) 21... Rfd8 22. Rfd1 (22. Rxc8 Qxc8 23. Rc1 (23. Rd1 Qc3
$1) 23... Qb7 24. Rd1 Bb6) 22... Rxc1 23. Rxc1 Ba7 24. Bg5 $16 Re8 25. Rd1 (25.
h4 $5 Bd4 26. Bf4 Bf7 $6 (26... Rd8 27. Rd1 Ba7 28. Kg2) 27. Qd3 Bxe5 28. Qxf5)
25... Qc7 $1 26. Be3 (26. Bf4 $5 d4 $2 (26... Qe7 27. Bxd5 Bxd5 28. Qxd5 Qxb4
29. Qd7) 27. Bxe6 Rxe6 28. Qa8+ Qb8 29. Qxb8+ Bxb8 30. Rxd4 $18) 26... Bxe3 27.
Qxe3 Rd8 28. Rc1 Qb7 29. Qd4 h6 30. Rc5 (30. h4 $5) 30... Qb6 $1 31. h4 $2 (31.
Qh4 $1 Rd7 (31... Kh7 32. Qe7 $1 Rd7 33. Qe8 Rd8 34. Qc6) 32. g4 $1 $36) 31...
f4 $5 32. Bc2 (32. gxf4 Bf5 33. h5 (33. Bxd5 Qg6+ 34. Kh2 Qg4) 33... Be4 34.
Qe3 Qe6 35. f3 Qh3 $13) (32. Qxf4 d4 33. Bxe6 Qxe6 34. Rc2 d3 35. Rd2 Qc4 $1)
32... fxg3 33. fxg3 Bg8 34. Bf5 (34. Kg2 $5) 34... Bh7 35. Bxh7 (35. g4 $5 h5
$5 36. Bxh7 Kxh7 37. gxh5 Qe6 $13) 35... Kxh7 36. h5 Qe6 $10 37. Kg2 Qf5 38.
Rxd5 Qc2+ 39. Kh3 (39. Kf3 Qf5+ (39... Qc6 $2 40. Qe4+ $1) 40. Ke3 Qg5+ 41. Kf2
Qf5+ $10) 39... Qf5+ 40. Kg2 Qc2+ 41. Kh3 Qf5+ 1/2-1/2

[Event "Paris FIDE GP"]
[Site "Elancourt"]
[Date "2013.09.23"]
[Round "2"]
[White "Dominguez Perez, Leinier"]
[Black "Nakamura, Hikaru"]
[Result "1/2-1/2"]
[WhiteElo "2757"]
[BlackElo "2772"]
[Annotator "ChessBase Website"]
[PlyCount "88"]
[EventDate "2013.09.22"]
[EventType "tourn"]
[EventRounds "11"]
[EventCountry "FRA"]
[EventCategory "20"]
[SourceTitle "CBM 157"]
[Source "ChessBase"]
[SourceDate "2013.11.12"]
[SourceVersion "1"]
[SourceVersionDate "2013.11.12"]
[SourceQuality "1"]
[TimeControl "40/7200:20/3600:900+30"]
[WhiteClock "2:00:00"]
[BlackClock "2:00:00"]

1. e4 {[%emt 0:00:04]} e5 {[%emt 0:00:07] Nakamura showed an impressive
preparation and was able to obtain a good position against Dominguez's Spanish.
He continued to play quickly but Dominguez position was still solid and
Nakamura was unable to do anything with his huge time advantage. He finished
the game with over two hours on the clock, despite starting the game with only
two hours (he was added an extra one when they crossed move 40).} 2. Nf3 {
[%emt 0:00:07]} Nc6 {[%emt 0:00:04]} 3. Bb5 {[%emt 0:00:24]} a6 {[%emt 0:00:08]
} 4. Ba4 {[%emt 0:00:07]} Nf6 {[%emt 0:00:04]} 5. O-O {[%emt 0:02:01]} Nxe4 {
[%emt 0:00:09]} 6. d4 {[%emt 0:00:06]} b5 {[%emt 0:00:04]} 7. Bb3 {[%emt 0:00:
07]} d5 {[%emt 0:00:04]} 8. dxe5 {[%emt 0:00:08]} Be6 {[%emt 0:00:04]} 9. Be3 {
[%emt 0:02:36]} Be7 {[%emt 0:01:05]} 10. c3 {[%emt 0:00:14]} Nc5 {[%emt 0:00:
38]} 11. Bc2 {[%emt 0:01:30]} Nd7 {[%emt 0:01:29]} 12. Re1 {[%emt 0:01:24]}
Ndxe5 {[%emt 0:00:40]} 13. Nxe5 {[%emt 0:00:08]} Nxe5 {[%emt 0:00:04]} 14. Bd4
{[%emt 0:00:16]} Ng6 {[%emt 0:00:02]} 15. Bxg7 {[%emt 0:04:52]} Rg8 {[%emt 0:
00:07]} 16. Bxg6 {[%emt 0:00:48]} Rxg7 {[%emt 0:00:05]} 17. Rxe6 {[%emt 0:00:
09]} hxg6 {[%emt 0:00:03]} 18. Re2 {[%emt 0:04:54]} Kf8 {[%emt 0:00:06]} 19.
Nd2 {[%emt 0:10:39]} Rh7 {[%emt 0:00:17]} 20. Nf3 {[%emt 0:01:33]} Bf6 {
[%emt 0:00:11]} 21. Qd3 {[%emt 0:16:38]} (21. a4 Kg7 22. Qb3 c6 23. Qb4 Rh8 24.
Rae1 bxa4 25. h3 Qc7 26. Qxa4 c5 27. Ne5 Rhe8 28. Ng4 Rxe2 29. Rxe2 Qd6 30.
Nxf6 {1/2-1/2 (30) Ponomariov,R (2758)-Roiz,M (2668) Saratov 2011}) 21... Kg7 {
[%emt 0:11:32]} 22. a4 $146 {[%emt 0:09:09]} (22. Rae1 Rh5 23. g4 {Timoshenko,
G (2569)-Grandadam,N (2361) Cappelle op 28th 2012 (1) 1-0}) 22... c6 {[%emt 0:
01:32]} 23. h3 {[%emt 0:06:36]} Rh8 {[%emt 0:00:27]} 24. Ne5 {[%emt 0:08:39]}
Qd6 {[%emt 0:22:28]} 25. Ng4 {[%emt 0:00:08]} Rhe8 {[%emt 0:00:38]} 26. axb5 {
[%emt 0:03:19]} axb5 {[%emt 0:00:15]} 27. Rxa8 {[%emt 0:00:48]} Rxa8 {[%emt 0:
00:09]} 28. g3 {[%emt 0:00:08]} Kg8 {[%emt 0:03:05]} 29. Nxf6+ {[%emt 0:04:03]}
Qxf6 {[%emt 0:00:15]} 30. Kg2 {[%emt 0:00:03]} Kg7 {[%emt 0:01:28]} 31. b4 {
[%emt 0:03:04]} Ra3 $11 {[%emt 0:00:57]} 32. Re3 {[%emt 0:00:07]} Rxc3 {
[%emt 0:00:31]} 33. Qxc3 {[%emt 0:00:11]} d4 {[%emt 0:00:03]} 34. Qc5 {[%emt 0:
06:54]} dxe3 {[%emt 0:00:06]} 35. fxe3 {[%emt 0:01:17]} Qb2+ {[%emt 0:00:23]}
36. Kf3 {[%emt 0:00:15]} Qh2 {[%emt 0:01:44]} 37. Qd4+ {[%emt 0:01:44]} Kg8 {
[%emt 0:01:36]} 38. Qd8+ {[%emt 0:05:47]} Kg7 {[%emt 0:01:39]} 39. Qd4+ {
[%emt 0:00:11]} f6 {[%emt 0:00:34]} 40. Qd7+ {[%emt 0:00:00]} Kh6 {[%emt 0:00:
00]} 41. Qe8 {[%emt 0:16:33]} Qh1+ {[%emt 0:00:59]} 42. Kf2 {[%emt 0:01:02]}
Qh2+ {[%emt 0:00:06]} 43. Kf3 {[%emt 0:01:06]} Qh1+ {[%emt 0:00:05]} 44. Kf2 {
[%emt 0:00:27]} Qh2+ {[%emt 0:02:14]} 1/2-1/2

[Event "Rubinstein Memorial"]
[Site "Polanica Zdroj"]
[Date "1992.??.??"]
[Round "10"]
[White "Kuczynski, Robert"]
[Black "Flear, Glenn C"]
[Result "1/2-1/2"]
[WhiteElo "2525"]
[BlackElo "2505"]
[Annotator "Ernst,T"]
[PlyCount "57"]
[EventDate "1992.08.??"]
[EventType "tourn"]
[EventRounds "11"]
[EventCountry "POL"]
[EventCategory "12"]
[SourceTitle "CBM 031"]
[Source "ChessBase"]
[SourceDate "1992.12.01"]
[SourceVersion "1"]
[SourceVersionDate "1992.12.01"]
[SourceQuality "1"]

1. e4 e5 2. Nf3 Nc6 3. Bb5 a6 4. Ba4 Nf6 5. O-O Nxe4 6. d4 b5 7. Bb3 d5 8. dxe5
Be6 9. Be3 Be7 10. c3 Nc5 11. Bc2 Nd7 12. Re1 Ndxe5 13. Nxe5 Nxe5 14. Bd4 Ng6
15. Bxg7 (15. Qh5 O-O 16. f4 c5 17. Bf2 Bd6 18. f5 Nf4 19. Qg4 Bd7 20. g3 h5
$17) (15. Qh5 Qd7 16. Bxg7 Rg8 17. Qxh7 O-O-O $13) 15... Rg8 16. Bxg6 Rxg7 17.
Rxe6 (17. Bd3 Kf8 18. Nd2 Bd6 19. Nf1 Qh4 20. g3 Qg5 $14) 17... hxg6 $1 (17...
Rxg6 $2 18. Re1 $16) 18. Re5 c6 $10 19. Nd2 Kf8 20. Nf3 Bf6 21. Re2 Rh7 22. Qd2
Kg7 23. Qf4 Qb8 24. Qg4 Qc8 25. Qf4 Qb8 26. Qg4 Qc8 27. Qg3 Qb8 28. Ne5 Qd6 29.
Rae1 1/2-1/2

[Event "Dortmund op-A"]
[Site "Dortmund"]
[Date "1992.??.??"]
[Round "10"]
[White "Dolmatov, Sergey"]
[Black "Levin, Felix"]
[Result "1-0"]
[WhiteElo "2595"]
[BlackElo "2445"]
[Annotator "Ernst,T"]
[PlyCount "59"]
[EventDate "1992.04.??"]
[EventType "swiss"]
[EventRounds "11"]
[EventCountry "GER"]
[SourceTitle "CBM 029"]
[Source "ChessBase"]
[SourceDate "1992.08.01"]
[SourceVersion "1"]
[SourceVersionDate "1992.08.01"]
[SourceQuality "1"]

1. e4 e5 2. Nf3 Nc6 3. Bb5 a6 4. Ba4 Nf6 5. O-O Nxe4 6. d4 b5 7. Bb3 d5 8. dxe5
Be6 9. Be3 Be7 10. c3 Nc5 11. Bc2 Nd7 $1 {Ein Zug, den Jusupov in seinem Match
gegen Dolmatov 1991 vermieden hat.} 12. Re1 Ndxe5 13. Nxe5 Nxe5 14. Bd4 $1 (14.
f4 Nc4 15. Bd4 c5 16. Bxg7 Rg8 17. f5 Bxf5 18. Bxf5 Rxg7 19. b3 Nb6 20. Nd2 $44
{Novik - Sagalcik, Hozuv 1991.}) 14... Nc6 $2 (14... Ng6 $1 15. Bxg7 Rg8 16.
Bxg6 $8 Rxg7 17. Rxe6 hxg6 18. Re5 c6 $10 {Ernst - Todorovic, G , Wien 1991.})
15. Bxg7 Rg8 16. Qh5 $1 (16. Bd4 Nxd4 17. cxd4 Bd6 18. Nd2 Qf6 19. Nf3 O-O-O
20. Qd3 Rg4 $10 {Watson - Kaidanov, Moskau A 1985.}) 16... Kd7 17. Bh6 $14 Bd6
18. f4 Kc8 19. Nd2 Kb7 20. f5 Bd7 21. Nf3 f6 22. Rad1 Ne5 23. Nxe5 Bxe5 24.
Rxd5 Rxg2+ 25. Kxg2 Bc6 26. Be4 Bxd5 27. Qf3 c6 28. Bxd5 Qxd5 29. Qxd5 cxd5 30.
Rxe5 $1 $18 1-0

[Event "USA-ch"]
[Site "San Diego"]
[Date "2004.11.30"]
[Round "6"]
[White "Stripunsky, Alexander"]
[Black "Fishbein, Alexander"]
[Result "1-0"]
[WhiteElo "2533"]
[BlackElo "2505"]
[Annotator "Finkel,A"]
[PlyCount "95"]
[EventDate "2004.11.24"]
[EventType "swiss"]
[EventRounds "9"]
[EventCountry "USA"]
[SourceTitle "CBM 105"]
[Source "ChessBase"]
[SourceDate "2005.04.11"]
[SourceVersion "1"]
[SourceVersionDate "2005.04.11"]
[SourceQuality "1"]

{[%mdl 8]} 1. e4 e5 2. Nf3 Nc6 3. Bb5 a6 4. Ba4 Nf6 5. O-O Nxe4 6. d4 b5 7. Bb3
d5 8. dxe5 Be6 9. Be3 Be7 10. c3 Nc5 11. Bc2 Nd7 {The good friend of mine
Israely GM Victor Mikhalevski, who is definitly one of the leading experts in
the world in the Open variation of Rue Lopez evaluates this line as promisiing
white slightly better chances, so I can't disagree with his statement. Even
though I've got to add that according to the latest games played in this line
black seems to be suffering quite a lot!} 12. Re1 (12. Bf4 $6 g5 $1) 12...
Ndxe5 13. Nxe5 Nxe5 14. Bd4 (14. f4 Nc4 15. Bd4 c5 16. Bxg7 Rg8 17. f5 Bxf5 18.
Bxf5 Rxg7 19. b3 Nb6 20. Nd2 $44 {Novik - Sagalcik, Hozuv 1991.}) 14... Ng6 {
This move is the latest fashion since after 14...Nc6 black suffered a few
tough losses.} (14... Nc6 15. Bxg7 Rg8 16. Qh5 $1 (16. Bd4 $6 Nxd4 17. cxd4 Bd6
18. Nd2 Qf6 19. Nf3 O-O-O 20. Qd3 Rg4 $11 {Watson,W-Kaidanov,G/Moscow 1985})
16... Kd7 (16... Qd6 17. Qh6 O-O-O 18. a4 $1 b4 19. Bxh7 d4 20. Bxg8 Rxg8 21.
Nd2 $1 $18 {Shirov,A-Piket,J/Monte Carlo 2000}) 17. Bh6 Bg5 (17... Bd6 18. f4
Kc8 19. Nd2 Kb7 20. f5 Bd7 21. Nf3 f6 22. Rad1 $16 {Dolmatov,S-Levin,F/
Dortmund 1992}) (17... Bf8 18. Bxf8 Qxf8 19. Nd2 h6 20. Nf3 Qg7 21. g3 Qg4 22.
Ne5+ Nxe5 23. Qxe5 Rg5 24. Qf6 $16 {Asrian,K-Mamedyarov,S/Dubai 2000}) 18. f4
Bxh6 19. Qxh6 Kc8 20. f5 Bd7 21. Nd2 Rb8 22. Nf3 $36 {Miranovic,
R-Mikhalchishin,A/Cetinje 1992}) 15. Bxg7 (15. Qh5 $6 O-O 16. f4 c5 17. Bf2 f5
18. g3 Bc8 19. Nd2 Qd7 20. Nf3 Bb7 21. Rxe7 Nxe7 22. Bxc5 $44 {Kapengut,
A-Chekhov,V/Minsk 1981}) 15... Rg8 16. Bxg6 Rxg7 (16... hxg6 17. Be5 Kf8 18.
Nd2 Bf6 19. Qf3 (19. Bxf6 Qxf6 20. Nb3 $14) 19... Bxe5 20. Rxe5 Kg7 21. Nb3 Qd6
22. Rae1 c5 $132 {Coudray,C-Flear,C/France 1996}) 17. Rxe6 $1 {This move is
considered by modern theory as white's best attempt in the position.} (17. Bh5
$6 Kf8 18. Nd2 Bd6 19. Nf1 Qf6 20. Bf3 Rd8 21. Ng3 Rg5 22. a4 Kg8 23. axb5 axb5
24. Ra5 b4 $132 {Morozevich,A-Flear,G/Hyeres 1992}) (17. Bd3 Kf8 18. Nd2 Bd6
19. Nf1 Qh4 20. g3 Qg5 $14) 17... hxg6 (17... Rxg6 $2 18. Re1 $16) 18. Re2 $1 {
Definitly the best place for the rook since queen can be transferred to
thekingside via d3.} (18. Re5 c6 19. Nd2 Kf8 20. Nf3 Rh7 (20... Bf6 21. Re2 Rh7
22. Qd2 Kg7 23. Qf4 Qb8 $11 {Kuczynski,R-Flear,G/Polanica Zdroj 1992}) 21. Qd3
Bf6 22. Re2 Qd6 23. Rae1 Rh5 24. g3 Rd8 25. Nd4 Qd7 26. b4 Kg7 $13 {Ernst,
T-Todorovic,G/Vienna 1991}) 18... Kf8 (18... Rh7 19. Nd2 Kf8 20. Nf3 Bf6 21. h3
Kg7 22. Qd3 Rh8 23. Rd1 c6 24. Ne5 Qd6 $11 {Magem Badals,J-Flear,G/Palma de
Mallorca 1991}) 19. Qd3 (19. Nd2 Bf6 20. Nf3 Rg8 (20... Qd6 21. a4 Rd8 22. Qd3
c6 23. axb5 axb5 24. Ra6 Rh7 25. h3 {Tolnai,T-Gyimesi,Z/Hungary 1994}) 21. Qd3
(21. Qd2 Qd6 22. Qh6+ Bg7 23. Qe3 Rh8 24. a4 bxa4 25. Rxa4 $14 {Khalifman,
A-Kortschnoj,V/Ubeda 1997}) 21... Kg7 22. a4 c6 23. Nd4 Qd7 $11 {Backlund,
A-Wedberg,T/Stockholm 1992}) (19. a4 $5 Rh7 20. Nd2 Bd6 21. g3 Rb8 22. Nf3 Rh5
23. h4 Qd7 24. axb5 axb5 25. Qd4 Kg8 26. Rae1 $14 {Van den Doel,E-Motwani,P/
Belgium 2002}) 19... c6 (19... Rh7 20. Nd2 c6 21. Rae1 Bf6 22. Nf3 Rh8 23. Ne5
Bxe5 (23... Qd6 $5 24. Ng4 Kg7) 24. Rxe5 Qf6 25. Qd4 $14 {Vallejo Pons,
F-Narciso Dublan,M/Lanzarote 2003}) 20. Nd2 Rg8 21. Nf3 Kg7 (21... Bf6) 22. Nd4
Rc8 (22... Qc7 $2 23. Nxc6 $18) 23. Qg3 $5 {[%cal Gd4f5]} Bc5 (23... Bf6 $2 24.
Nf5+ Kf8 25. Nd6 $18 {[%cal Ge2e8]}) 24. Nf5+ Kf8 25. Nh6 Rh8 26. Ng4 Bd6 (
26... Qh4 27. Qf3 Kg7 28. h3 Rhe8 29. Rae1 Rxe2 30. Qxe2 Qg5 $13 {[%cal Gc8c7,
Gc7e7]}) 27. Qd3 {White keeps slightly better chances due to control over an
e-file, but black doesn't seem to have a particular problems.} Rh5 (27... Qg5
28. h3 Qf4 29. Rae1 Kg7 30. Re3) 28. Rae1 c5 $6 {[%csl Rd5] This move
weakening the pawn on d5 is a sourse of black's troubles.} 29. Re3 $14 Kg7 30.
h3 Rf5 $6 (30... Qg5 31. b4 Rch8 32. Qd1 Rd8 33. bxc5 Bxc5 34. Re5 Qf4 $132)
31. b4 $1 {[%csl Gd4]} Kh7 32. bxc5 Bxc5 33. Re5 Rxe5 34. Rxe5 Kg7 $6 (34...
Rc6 $5 35. Rxd5 Rd6 36. c4 bxc4 37. Qxc4 Rxd5 38. Qxd5 Qxd5 39. Nf6+ Kh6 40.
Nxd5 Kg5 41. Kf1 $16) 35. Qd2 $1 Be7 (35... Qh4) 36. Rxd5 Qb6 $2 37. Qh6+ Kg8
38. Rh5 $1 $18 {[%csl Rb6]} gxh5 39. Qxb6 hxg4 40. Qb7 Re8 41. hxg4 Bc5 42.
Qxa6 Re1+ 43. Kh2 Bxf2 44. Qxb5 Re6 45. g3 Re3 46. Kg2 Rxc3 47. Qb8+ Kh7 48.
Qb1+ 1-0

[Event "Bundesliga 0405"]
[Site "Germany"]
[Date "2004.12.11"]
[Round "5.6"]
[White "Kindermann, Stefan"]
[Black "Holzke, Frank"]
[Result "1/2-1/2"]
[WhiteElo "2536"]
[BlackElo "2492"]
[Annotator "Finkel,A"]
[PlyCount "122"]
[EventDate "2004.11.12"]
[EventType "team-tourn"]
[EventRounds "15"]
[EventCountry "GER"]
[SourceTitle "CBM 105"]
[Source "ChessBase"]
[SourceDate "2005.04.11"]
[SourceVersion "1"]
[SourceVersionDate "2005.04.11"]
[SourceQuality "1"]
[WhiteTeam "Tegernsee"]
[BlackTeam "Wattenscheid"]
[WhiteTeamCountry "GER"]
[BlackTeamCountry "GER"]

1. e4 e5 2. Nf3 Nc6 3. Bb5 a6 4. Ba4 Nf6 5. O-O Nxe4 6. d4 b5 7. Bb3 d5 8. dxe5
Be6 9. Nbd2 Be7 10. c3 O-O 11. Bc2 Nxd2 {This move isn't as popular as 12...f5
even though it seems to promise black not a bad chances to reach an eqaulity.}
(11... f5 12. Nd4 (12. exf6 Nxf6 13. Nb3 Bg4 14. Qd3 Ne4 $6 15. Nbd2 $1 {
Shirov,A-Kortschnoj,V/Reykjavic ISL 2003}) (12. Nb3 Qd7 13. Nbd4 Nxd4 14. Nxd4
c5 15. Nxe6 Qxe6 16. f3 Ng5 17. a4 b4 18. cxb4 c4 $132 {Sutovsky,E-Mamedyarov,
S/Mallorca 2004}) 12... Nxd4 13. cxd4 c5 14. dxc5 Nxd2 15. Bxd2 Bxc5 16. Bb3 $1
Qd7 $5 17. Rc1 Rfc8 $1 18. Bc3 a5 19. a3 Bb6 20. Rc2 a4 21. Ba2 d4 $1 $11 {
Ivanchuk,V-Hjartarson,J/Tilburg 1989}) 12. Qxd2 (12. Bxd2 d4 13. Qb1 (13. cxd4
Nxd4 14. Be4 Rb8 15. Ba5 Bc5 16. Bc3 Nxf3+ 17. Qxf3 Qe7 18. b3 Rbd8 $11 {
Wendel,W-Scheerer,H/Bad Woerishofen 2001}) 13... dxc3 14. Bxc3 h6 15. Bh7+ Kh8
16. Be4 Qe8 17. Bd2 f5 18. exf6 Bxf6 19. Qc2 $14 {Zhigalko,S-Holzke,F/
Pardubice 2003}) 12... Bg4 $5 {Entering the forced line which leads to a
balanced position.} (12... f6 13. exf6 Bxf6 14. Qd3 (14. Qf4 Qd7 15. Qg3 Ne7
16. Re1 Bf5 17. Bxf5 Nxf5 18. Qh3 Rad8 19. Bg5 $14 {Yates,F-Tarrasch,S/Bad
Kissingen 1928}) 14... g6 15. Bh6 Re8 16. Rfe1 Kh8 17. Qd2 Qd6 18. Bf4 Qd7 19.
Bb3 Bg8 20. h4 $14 {Suetin,A-Kortschnoj,V/Moscow 1966}) (12... Qd7 13. Qd3 (13.
Re1 Bf5 $2 14. Bxf5 Qxf5 15. Qxd5 Na5 16. Nd4 Qg6 17. Qe4 $16 {Schmalz,
D-Niebuhr,G/Langenhagen 1998}) 13... g6 14. Bh6 Rfd8 15. Rad1 (15. Rfe1 d4 16.
Rad1 Bf5 17. Qd2 Bxc2 18. Qxc2 d3 19. Qb1 Qf5 20. Re3 Rd5 {1/2-1/2 Hommeles,
T-Van Wessel,R/Germany 2001/CBM 082 ext (20)}) 15... Na5 16. Nd4 c5 17. Nxe6
fxe6 18. Qg3 Kh8 19. h4 Bf8 20. Bg5 $36 {Kolev,A-Villuela Arrollo,R/St Cugat
1996}) 13. Qd3 g6 14. Bh6 {This move is white's only chance to fight for an
advantage.} (14. Nd4 Nxd4 15. cxd4 Bf5 16. Qc3 Bxc2 17. Qxc2 Qd7 18. Be3 Rac8
19. Rfc1 c5 $1 $13 {Groszpeter,A-Hartman,C/Berlin 1996}) 14... Re8 15. Bb3 {
[%csl Rd5]} ({Also after} 15. Rfe1 $5 Bxf3 16. Qxf3 Bg5 17. Bxg5 Qxg5 18. h4 (
18. Qxd5 Nxe5 19. Qe4 Nc4 20. Qxe8+ Rxe8 21. Rxe8+ Kg7 22. b3 Qd2 23. bxc4 Qxc2
$13) 18... Qxh4 19. Qxd5 Re6 $13 {black has sufficient counterchances.}) 15...
Bxf3 16. Qxf3 Nxe5 17. Qxd5 Qxd5 18. Bxd5 c6 (18... Rad8 19. Rad1 c6 20. Be4
Ng4 21. Rxd8 Rxd8 22. Bf4 Bc5 $6 23. Bf3 h5 24. h3 Nxf2 25. Rxf2 Re8 26. Kf1
Bxf2 27. Kxf2 $16 {Serra Olives,T-Schenk Papke,A/Palma de Mallorca 2000}) 19.
Be4 Bc5 ({There was nothing wrong with} 19... f5 $5 20. Bc2 c5 21. a4 c4 $11)
20. h3 $5 (20. Bf4 f5 21. Bc2) 20... Ng4 $1 {Correctly assessing an arising
endgame as a comfortable for black.} 21. Bxc6 Nxh6 22. b4 Bf8 $6 {Black is
doing fine after the move in the game, but even stronger was} (22... Bb6 $5 {
[%csl Gf2] with good chances to sieze initiative.} 23. a4 Rad8 24. Bxe8 Rxe8
25. axb5 (25. Rfe1 Rc8 26. Rad1 Rxc3 27. Rd6 Bc7 28. Rxa6 bxa4 29. Rxa4 Rc2 $15
) 25... axb5 26. Ra6 Re6 $15) 23. a4 Rab8 24. Bxe8 Rxe8 25. axb5 axb5 26. Ra5
Rb8 (26... Rc8 $5 27. Rxb5 Rxc3 28. Rb1 Rc2 29. Kf1 Nf5 30. Rd5 Kg7 $13) 27.
Rfa1 Nf5 28. Ra8 Rxa8 29. Rxa8 h5 30. Kf1 Nd6 31. Ke2 Kg7 $6 (31... f5 32. Ra7
Bg7 33. Kd3 Ne4 34. f3 $13) 32. Kd3 Be7 33. Kd4 Nc4 34. Ra7 Bh4 35. g3 Bf6+ 36.
Kc5 Bxc3 37. Ra2 $1 (37. Kxb5 Nd6+ 38. Kc6 Ne4 39. Ra2 Bd4 40. b5 Nxf2 (40...
Bxf2 $4 41. Rxf2 Nxf2 42. b6 $18) 41. Rd2 Ba7 $15) 37... f5 38. Kxb5 Nd6+ 39.
Kc5 Ne4+ 40. Kc4 Be5 (40... Be1 $2 41. b5 Bxf2 42. Rxf2 Nxf2 43. b6 Ne4 44. Kd5
Nc3+ 45. Kc6 $18) 41. b5 Kf7 42. b6 Ke7 43. Ra7+ (43. b7 Bc7 44. Kd5 $1 Kd7 45.
Ra8 Nxf2 46. b8=Q Bxb8 47. Rxb8 Nxh3 48. Rb7+ Kc8 49. Rf7 $16 {[%csl Rh3]})
43... Kd6 $2 (43... Ke6) 44. f4 $1 $18 {[%csl Rg3]} Bf6 45. Rf7 Bd8 46. b7 Bc7
47. Kb5 Bb8 48. Kb6 $2 (48. Rg7 $1 h4 (48... g5 49. fxg5 Ke6 50. Kc6 Bxg3 51.
h4 Bb8 52. Rh7 $18) 49. Rxg6+ Kd5 50. Rg8 Bc7 51. gxh4 Nd6+ 52. Ka6 Nxb7 53.
Kxb7 Bxf4 54. h5 $18) 48... Nxg3 49. Rf6+ (49. Rf8 Bc7+ 50. Kb5 Ne2 $11) 49...
Kd5 50. Rxg6 Bxf4 51. Rg8 Ne4 (51... Ke4 52. Rc8 Kf3 53. Rc7 $18) 52. Rd8+ Ke6
53. Kc6 h4 $2 (53... Nf6) 54. Rh8 Kf7 55. Rxh4 Be5 56. Rh8 $1 (56. Kd5 $5)
56... f4 57. b8=Q $2 (57. Kd5 $18) 57... Bxb8 58. Rxb8 Ke6 $11 59. Rb1 Ke5 60.
Rf1 Ng3 61. Rxf4 Kxf4 1/2-1/2